Friends par personnage ... Chandler. - Statistiques

Statistiques générales
  • Ce quiz a été pris 4 105 fois
    3 796 depuis la dernière actualisation
  • Le résultat moyen est 10 sur 14
Statistiques - réponses
Question Réponse % Correct
Quel est son nom de famille dans la série ? Bing
99%
Son meilleur ami, avec qui il partage longtemps un appartement en colocation ? Joey
98%
Dans l'épisode 14 de la saison 3, il se fait retirer une partie du corps qu'il a en trop. C'est un 3ème... Téton
96%
Prénom de la femme avec qui il sort plusieurs fois et qui a un rire très agaçant ? Janice
94%
Avec qui va-t-il finir par se marier à la fin de la série ? Monica
94%
Dans quelle ville vont-ils coucher ensemble pour la première fois ? Londres
87%
Quelle partie de son corps est sectionné par Monica lors d'un Thanksgiving, quand il était plus jeune. Orteil
86%
Dans quel domaine va-t-il finir par travailler à la fin de la série ? Publicité
59%
Quelle manie aurait-il commencer à ses 9 ans, pendant le divorce de ces parents ? Fumer
56%
Quel est le métier de son père ? Drag queen | Meneuse de revue
51%
Chandler va démissionner de son travail car il est obligé de déménager dans une autre ville. Quelle est cette ville ? Tulsa
45%
Quels sont les prénoms qu'il va donner à ces 2 jumeaux à la fin de la série Erica
42%
Quels sont les prénoms qu'il va donner à ces 2 jumeaux à la fin de la série Jack
40%
Il embrasse la petite amie de Joey dans un épisode, qui est elle aussi actrice. Comment s'appelait-elle ? Katie
40%
Aucun quiz correspondant
Distribution des résultats
% des personnes avec chaque résultat
Percentile par nombre de réponses
Votre historique - résultats
Vous n’avez pas pris ce quiz depuis la dernière actualisation